Statistics for Countries Bordering D.R. Congo

Click here to take the quiz!

General Stats

  • This quiz has been taken 18,214 times
  • The average score is 8 of 9

Answer Stats

Country % Correct
Angola
90%
Uganda
90%
Republic of the Congo
89%
Central African Republic
88%
Rwanda
88%
Zambia
88%
Tanzania
87%
South Sudan
82%
Burundi
80%

Score Distribution

Percentile by Number Answered

Percent of People with Each Score

Your Score History

You have not taken this quiz